000 00310nam a22001457a 4500
008 210303b ||||| |||| 00| 0 eng d
020 _a9781259073762
041 _aeng
080 _27th
_a541
082 _a541
100 _a12
101 _aKIM
245 _aGeneral Chemistry
_cChang, R
942 _2udc
_cBK
999 _c55591
_d55591